Les 20 consoles de jeu les plus vendues de l'histoire - Statistiques

Statistiques générales
  • Ce quiz a été pris 186 fois
  • Le résultat moyen est 15 sur 20
Statistiques - réponses
Hint Réponse % Correct
6 - Sony Playstation (PS)
95%
20 - Microsoft Xbox
93%
9 - Microsoft Xbox 360
93%
2 - Nintendo Nintendo DS
91%
3 - Nintendo Nintendo Switch
90%
1 - Sony PS2
88%
8 - Sony PS3
88%
5 - Sony PS4
86%
7 - Nintendo Wii
86%
14 - Sony PS5
79%
4 - Nintendo Game Boy
76%
12 - Nintendo Nintendo 3DS
70%
11 - Sony Playstation Portable (PSP)
70%
15 - Microsoft Xbox One
69%
16 - Nintendo Super Nintendo
64%
18 - Nintendo Nintendo 64
61%
13 - Nintendo Nintendo Entertainment System (NES)
45%
19 - Atari Atari 2600
39%
10 - Nintendo Game Boy Advance
38%
17 - Sega Mega Drive
37%
Aucun quiz correspondant
Distribution des résultats
% des personnes avec chaque résultat
Percentile par nombre de réponses
Votre historique - résultats
Vous n’avez pas pris ce quiz